Select All... - Statistics

General Stats
  • This quiz has been taken 8 times
  • The average score is 59 of 80
Answer Stats
Question Tile Select % Correct
Cities in India Delhi Yes
100%
Cities in India Dhaka No
100%
Cities in India Guangzhou No
100%
Cities in India Kabul No
100%
Cities in India Karachi No
100%
Cities in India Kuala Lumpur No
100%
Cities in India Manila No
100%
Cities in India Osaka No
100%
Cities in India Riyadh No
100%
10 Biggest Countries in the World Australia Yes
83%
2019/20 Barclays Premier League Football Teams Birmingham City No
83%
2019/20 Barclays Premier League Football Teams Blackburn Rovers No
83%
2019/20 Barclays Premier League Football Teams Borussia Monchengladbach No
83%
10 Biggest Countries in the World Brazil Yes
83%
10 Biggest Countries in the World Canada Yes
83%
Countries in Africa (Jetpunk) Central African Republic Yes
83%
Countries in Africa (Jetpunk) Comoros Yes
83%
Countries in Africa (Jetpunk) Cyprus No
83%
Countries in Africa (Jetpunk) Djibouti Yes
83%
Countries in Africa (Jetpunk) Equatorial Guinea Yes
83%
Countries in Africa (Jetpunk) Fiji No
83%
10 Biggest Countries in the World Germany No
83%
Countries in Africa (Jetpunk) Guinea Yes
83%
Countries in Africa (Jetpunk) Guinea-Bissau Yes
83%
Books by Philip Pullman Harry Potter and the Order of the Phoenix No
83%
Books by Philip Pullman His Dark Materials No
83%
10 Biggest Countries in the World India Yes
83%
10 Biggest Countries in the World Indonesia No
83%
10 Biggest Countries in the World Kazakhstan Yes
83%
Cities in India Kolkata Yes
83%
Countries in Africa (Jetpunk) Lesotho Yes
83%
Cities in India Mumbai Yes
83%
Countries in Africa (Jetpunk) Panama No
83%
Countries in Africa (Jetpunk) Papua New Guinea No
83%
2019/20 Barclays Premier League Football Teams Plymouth Argyle No
83%
10 Biggest Countries in the World Russia Yes
83%
Countries in Africa (Jetpunk) Seychelles Yes
83%
Cities in India Sri Jayewardenepura Kotte No
83%
10 Biggest Countries in the World Sudan No
83%
2019/20 Barclays Premier League Football Teams Sunderland No
83%
Books by Philip Pullman Swallows and Amazons No
83%
Countries in Africa (Jetpunk) Tajikistan No
83%
Countries in Africa (Jetpunk) The Federated States of Micronesia No
83%
Books by Philip Pullman The Hobbit No
83%
Countries in Africa (Jetpunk) The Maldives No
83%
10 Biggest Countries in the World United Kingdom No
83%
2019/20 Barclays Premier League Football Teams West Bromwich Albion No
83%
Countries in Africa (Jetpunk) Yemen No
83%
2019/20 Barclays Premier League Football Teams Aberdeen No
67%
Books by Philip Pullman Alex Rider No
67%
10 Biggest Countries in the World Argentina Yes
67%
Cities in India Bangalore Yes
67%
2019/20 Barclays Premier League Football Teams Chelsea Yes
67%
Cities in India Chennai Yes
67%
10 Biggest Countries in the World China Yes
67%
10 Biggest Countries in the World D.R. Congo No
67%
Books by Philip Pullman Fantastic Beasts and Where to Find Them No
67%
Cities in India Lahore No
67%
Books by Philip Pullman Moonfleet No
67%
Books by Philip Pullman Percy Jackson and the Titan's Curse No
67%
2019/20 Barclays Premier League Football Teams PSG No
67%
Books by Philip Pullman Six of Crows No
67%
Books by Philip Pullman The Hunger Games No
67%
10 Biggest Countries in the World United States Yes
67%
Books by Philip Pullman Wonder No
67%
10 Biggest Countries in the World Algeria Yes
50%
2019/20 Barclays Premier League Football Teams Aston Villa Yes
50%
2019/20 Barclays Premier League Football Teams Atletico Madrid No
50%
2019/20 Barclays Premier League Football Teams Barcelona No
50%
Cities in India Hyderabad Yes
50%
2019/20 Barclays Premier League Football Teams Juventus No
50%
10 Biggest Countries in the World Mexico No
50%
Books by Philip Pullman Northern Lights Yes
50%
Books by Philip Pullman The Amber Spyglass Yes
50%
Books by Philip Pullman Where's Wally No
50%
2019/20 Barclays Premier League Football Teams Norwich City Yes
33%
2019/20 Barclays Premier League Football Teams Watford Yes
33%
2019/20 Barclays Premier League Football Teams Wolves Yes
33%
Books by Philip Pullman La Belle Sauvage Yes
17%
Books by Philip Pullman The Subtle Knife Yes
17%
No matching quizzes found
Score Distribution
Percent of People with Each Score
Percentile by Number Answered
Your Score History
You have not taken this quiz